| 000 | 00660nam a22002297a 4500 | ||
|---|---|---|---|
| 005 | 20260211115007.0 | ||
| 008 | 260211b |||||||| |||| 00| 0 eng d | ||
| 020 | _a9789332584600 | ||
| 040 | _cAL | ||
| 041 | _aEnglish | ||
| 082 |
_a621.3815 _bFLOD |
||
| 100 |
_aThomas L Floyd _9254441 |
||
| 245 | _aDigital fundamentals | ||
| 250 | _a11 | ||
| 260 |
_aUttar Pradesh _bPearson India education services pvt ltd _c2025 |
||
| 300 |
_a869 p. _bPB _c28x22 cm. |
||
| 365 |
_aMAA4-5216326 _b₹769.00 _c₹ _d₹950.00 _f29-01-2026 |
||
| 650 |
_adigital _9254442 |
||
| 650 |
_aIntroductory concepts _9254443 |
||
| 650 |
_alogic gates _9254444 |
||
| 942 |
_2ddc _cBK |
||
| 999 |
_c240884 _d240884 |
||